000 00528nam a2200157 i 4500
001 145987
003 ES-MaACL
005 20230906201358.0
007 t|
008 071018s1932 ne ||||1| eng d
100 1 _aVerdoorn, Frans.
_9114041
245 1 0 _aManual of pteridology /
_cedited by Fr. Verdoorn ; in collaboration A. H. G. Alston, I. Andersson-Kottö ; foreward by F. O. Bower.
260 _aThe Hague :
_bMartinus Nijhoff,
_c1938.
300 _aXX, 640 p. :
_bil. ;
_c25 cm.
852 _aES-MaACL
_jC-4323
_bR.24242
999 _c145987
_d145987